[Event "Tournament 14472 - Europe Echecs"]
[Site "Europe Echecs"]
[Date "2020.07.10"]
[Round "9"]
[Time "18:21:07"]
[PlyCount "85"]
[White "BurgalatEliot"]
[Black "MartinezMartin"]
[WhiteElo "1963"]
[BlackElo "1917"]
[Mode "WEB"]
[Result "1/2-1/2"]

1. Nf3 Nf6 2. d4 e6 3. c4 Bb4+ 4. Bd2 Qe7 5. Nc3 b6 6. g3 Bb7 7. Bg2 O-O 8. O-O
Bxc3 9. Bxc3 Ne4 10. Qc2 Nxc3 11. Qxc3 d6 12. Rfe1 f5 13. Rad1 Nd7 14. a3 Nf6
15. Nd2 Bxg2 16. Kxg2 e5 17. dxe5 dxe5 18. e4 f4 19. Nf3 Rae8 20. Rd2 h6 21. Nh4
Qe6 22. c5 g5 23. Nf3 Rf7 24. c6 a5 25. b4 axb4 26. axb4 Ree7 27. Rd8+ Kh7 28.
b5 Kg7 29. Qd3 Re8 30. Kh1 Rxd8 31. Qxd8 fxg3 32. hxg3 Nxe4 33. Rxe4 Rxf3 34.
Qxc7+ Kf6 35. Qd8+ Kg6 36. c7 Qh3+ 37. Kg1 Rxg3+ 38. fxg3 Qxg3+ 39. Kf1 Qf3+ 40.
Kg1 Qg3+ 41. Kf1 Qf3+ 42. Kg1 Qg3+ {Nulle par répétition} 1/2-1/2

[Event "Tournament 14472 - Europe Echecs"]
[Site "Europe Echecs"]
[Date "2020.07.10"]
[Round "9"]
[Time "18:21:07"]
[PlyCount "63"]
[White "LarmetNino"]
[Black "CavaillesEvan"]
[WhiteElo "1818"]
[BlackElo "2018"]
[Mode "WEB"]
[Result "0-1"]

1. e4 c5 2. Nc3 Nc6 3. g3 g6 4. Bg2 Bg7 5. d3 e6 6. Nge2 Nge7 7. Bg5 h6 8. Be3
b6 9. Qd2 Bb7 10. O-O d6 11. d4 cxd4 12. Nxd4 Nxd4 13. Bxd4 O-O 14. Bxg7 Kxg7
15. Rad1 Nc8 16. Nb5 Ba6 17. c4 Bxb5 18. cxb5 Qd7 19. a4 a6 20. bxa6 Qxa4 21.
Ra1 Qb5 22. Rfc1 Qd7 23. Bf1 Rd8 24. Qc3+ Kg8 25. Qc7 d5 26. Bb5 Qxc7 27. Rxc7
dxe4 28. Bc6 Ra7 29. Bb7 Nd6 30. Rd1 Kg7 31. Kf1 Nb5 {LarmetNino a perdu au temps} 0-1

[Event "Tournament 14472 - Europe Echecs"]
[Site "Europe Echecs"]
[Date "2020.07.10"]
[Round "9"]
[Time "18:21:07"]
[PlyCount "59"]
[White "BabaudAntoine"]
[Black "CarlierBromber"]
[WhiteElo "1943"]
[BlackElo "1790"]
[Mode "WEB"]
[Result "0-1"]

1. e4 e5 2. Nf3 Nc6 3. Bc4 Bc5 4. O-O Nf6 5. d3 h6 6. Be3 Bb6 7. Nc3 d6 8. h3 g5
9. Nh2 Nd4 10. Nd5 Nxd5 11. Bxd5 c6 12. Bb3 h5 13. c3 Nxb3 14. axb3 Bxe3 15.
fxe3 g4 16. Kh1 Qh4 17. Qe2 Rg8 18. d4 gxh3 19. gxh3 Bxh3 20. Rf2 O-O-O 21. Rxa7
Kb8 22. Ra1 Rg3 23. Rxf7 Rdg8 24. Rxb7+ Kxb7 25. Qa6+ Kc7 26. Qa7+ Kd8 27. Qb8+
Ke7 28. Qc7+ Bd7 29. dxe5 Qxe4+ {BabaudAntoine a abandonné} 0-1

[Event "Tournament 14472 - Europe Echecs"]
[Site "Europe Echecs"]
[Date "2020.07.10"]
[Round "9"]
[Time "18:21:07"]
[PlyCount "80"]
[White "AllardNedellecG"]
[Black "ArhanTanguy"]
[WhiteElo "1768"]
[BlackElo "2016"]
[Mode "WEB"]
[Result "1-0"]

1. e4 c5 2. Nf3 d6 3. c3 Nf6 4. Be2 Nc6 5. d3 g6 6. O-O Bg7 7. h3 O-O 8. Be3 Rb8
9. Nbd2 e5 10. d4 cxd4 11. cxd4 exd4 12. Nxd4 Re8 13. Nxc6 bxc6 14. Qc2 Qe7 15.
Bf3 c5 16. Rac1 Bb7 17. e5 Qxe5 18. Nc4 Qe7 19. Bxb7 Rxb7 20. Rfd1 Rd8 21. Na5
Rc7 22. Qa4 d5 23. Qa3 d4 24. Bf4 Rcc8 25. Re1 Qd7 26. Qf3 Nd5 27. Be5 Bxe5 28.
Rxe5 Nb6 29. Rexc5 Rxc5 30. Rxc5 d3 31. Rc1 d2 32. Rd1 Re8 33. Nb3 Nc4 34. Kh2
Re1 35. g3 Ne5 36. Qa8+ Kg7 37. Rxd2 Qf5 38. Nd4 Re4 39. Nxf5+ gxf5 40. Qxe4 {ArhanTanguy a abandonné} 1-0

[Event "Tournament 14472 - Europe Echecs"]
[Site "Europe Echecs"]
[Date "2020.07.10"]
[Round "9"]
[Time "18:21:07"]
[PlyCount "137"]
[White "CandelotClemen"]
[Black "LecciaAntoine"]
[WhiteElo "2089"]
[BlackElo "1950"]
[Mode "WEB"]
[Result "1/2-1/2"]

1. e4 e5 2. Nf3 Nc6 3. d4 exd4 4. Nxd4 Qf6 5. Be3 Bc5 6. c3 Qg6 7. Nd2 Nf6 8.
Nf5 Bxe3 9. Nxe3 d6 10. Bd3 Qh5 11. Qxh5 Nxh5 12. Nd5 Kd8 13. O-O-O Ne7 14. Nxe7
Kxe7 15. g3 Nf6 16. f3 Be6 17. Nc4 Bxc4 18. Bxc4 Rhe8 19. Rhe1 Kf8 20. Kc2 Rad8
21. Bf1 Nd7 22. f4 Nf6 23. Bg2 b6 24. Bf3 Rd7 25. g4 Rde7 26. Kd3 g5 27. fxg5
Nd7 28. b4 Ne5+ 29. Ke3 Nxg4+ 30. Kf4 Ne5 31. Bg2 Kg7 32. h4 f6 33. gxf6+ Kxf6
34. h5 Rg7 35. Bh3 Rg5 36. Bf5 Rxh5 37. Rh1 Rxh1 38. Rxh1 Ng6+ 39. Ke3 Re7 40.
Kd4 c6 41. a4 Rg7 42. a5 c5+ 43. bxc5 dxc5+ 44. Kc4 Ke5 45. Kb5 bxa5 46. Kxc5
Rc7+ 47. Kb5 Rxc3 48. Kxa5 Rc7 49. Ka6 Kf6 50. Rd1 Ke5 51. Rd5+ Kf6 52. Rd6+ Kg5
53. Rd1 Nf4 54. Rg1+ Kf6 55. Rh1 h5 56. Rh4 Ke5 57. Rh1 Re7 58. Kb5 Kf6 59. Kc4
a5 60. Ra1 Ra7 61. Kb5 Rb7+ 62. Kc6 Ra7 63. Kb6 Ra8 64. Rxa5 Rxa5 65. Kxa5 h4
66. Kb4 h3 67. Bxh3 Nxh3 68. e5+ Kxe5 {Aucun joueur n'a le mat&eacute;riel pour mater} 1/2-1/2

[Event "Tournament 14472 - Europe Echecs"]
[Site "Europe Echecs"]
[Date "2020.07.10"]
[Round "9"]
[Time "18:21:07"]
[PlyCount "70"]
[White "CuttoliAlexand"]
[Black "KuhnMathilde"]
[WhiteElo "2044"]
[BlackElo "1764"]
[Mode "WEB"]
[Result "1-0"]

1. d4 Nf6 2. Bf4 g6 3. Nc3 d5 4. Qd2 Bg7 5. Nf3 c6 6. h4 b5 7. b3 b4 8. Na4 a5
9. Ne5 Ne4 10. Qd1 c5 11. f3 Nc3 12. Nxc3 bxc3 13. dxc5 a4 14. e4 d4 15. Bb5+
Bd7 16. c6 O-O 17. Nxd7 Nxd7 18. cxd7 axb3 19. axb3 Qb6 20. Ba4 f5 21. e5 Qe6
22. O-O Ra5 23. b4 Rxa4 24. Rxa4 Bxe5 25. Bxe5 Qxe5 26. Re1 Qd6 27. b5 Qxd7 28.
Qxd4 Qxb5 29. Qc4+ Qxc4 30. Rxc4 Rd8 31. Rxe7 Rd1+ 32. Kf2 Kf8 33. Rxh7 Rd2+ 34.
Ke3 Rxc2 35. Rc8# {KuhnMathilde est échec et mat} 1-0

[Event "Tournament 14472 - Europe Echecs"]
[Site "Europe Echecs"]
[Date "2020.07.10"]
[Round "9"]
[Time "18:21:07"]
[PlyCount "67"]
[White "AlaimeMaxime"]
[Black "LambachMaxime"]
[WhiteElo "1834"]
[BlackElo "1980"]
[Mode "WEB"]
[Result "0-1"]

1. e4 c5 2. Nc3 d6 3. g3 Nf6 4. Bg2 g6 5. d3 Bg7 6. f4 Nc6 7. Nf3 O-O 8. O-O a6
9. a4 Qc7 10. h3 b6 11. g4 Bb7 12. Ne2 b5 13. c3 Rfd8 14. Qe1 c4 15. dxc4 bxc4
16. Ned4 Na5 17. e5 Ne4 18. Qh4 e6 19. exd6 Qxd6 20. Ne5 Rac8 21. Re1 Nc5 22.
Bxb7 Naxb7 23. Nxc4 Bxd4+ 24. cxd4 Qxd4+ 25. Ne3 Nb3 26. Rd1 Qb6 27. Rxd8+ Nxd8
28. Ra3 Nxc1 29. Kg2 Nb3 30. Kf3 Nd4+ 31. Ke4 Nb7 32. f5 exf5+ 33. gxf5 Nd6+ {AlaimeMaxime a abandonné} 0-1

[Event "Tournament 14472 - Europe Echecs"]
[Site "Europe Echecs"]
[Date "2020.07.10"]
[Round "9"]
[Time "18:21:07"]
[PlyCount "58"]
[White "RebutPaul"]
[Black "SureauCorentin"]
[WhiteElo "1966"]
[BlackElo "1686"]
[Mode "WEB"]
[Result "1-0"]

1. d4 Nf6 2. Bf4 g6 3. Nc3 Bg7 4. e4 d6 5. Qd2 O-O 6. O-O-O Nc6 7. Nf3 Bg4 8.
Be2 Bxf3 9. gxf3 e5 10. dxe5 Nxe5 11. Bxe5 dxe5 12. Qg5 Nd7 13. Qxd8 Raxd8 14.
Nd5 c6 15. Ne3 Nc5 16. Nc4 Ne6 17. Nd6 Nf4 18. Bc4 Rd7 19. Rd2 Bh6 20. Kb1 Rfd8
21. Rhd1 Bf8 22. Nxf7 Rxf7 23. Bxf7+ Kxf7 24. Rxd8 Bc5 25. R8d7+ Kf6 26. Rxb7
Bxf2 27. Rxh7 Ne6 28. Rd6 c5 29. Rc7 {SureauCorentin a abandonné} 1-0

[Event "Tournament 14472 - Europe Echecs"]
[Site "Europe Echecs"]
[Date "2020.07.10"]
[Round "9"]
[Time "18:21:07"]
[PlyCount "142"]
[White "AdrianLeopold"]
[Black "AtliCeline"]
[WhiteElo "2061"]
[BlackElo "1640"]
[Mode "WEB"]
[Result "1-0"]

1. c4 Nf6 2. Nc3 g6 3. g3 Bg7 4. Bg2 O-O 5. d4 c6 6. Nf3 d5 7. cxd5 cxd5 8. Ne5
Nc6 9. Nxc6 bxc6 10. O-O Be6 11. Bf4 Qd7 12. Rc1 Rac8 13. Na4 Nh5 14. Nc5 Qd8
15. Nxe6 fxe6 16. Be3 Qb6 17. Qb3 e5 18. dxe5 Qxb3 19. axb3 Bxe5 20. Bxa7 Bxb2
21. Rc2 Be5 22. Bc5 Rf7 23. Bh3 Rb8 24. Be6 Rxb3 25. Bxe7 Rb7 26. Bg5 Rbc7 27.
Rfc1 Kg7 28. Bxf7 Rxf7 29. Rxc6 Bd4 30. e3 Bb2 31. Rd1 h6 32. Bf4 g5 33. Bd6 Nf6
34. Rc7 Nd7 35. Rxd5 Bf6 36. Bc5 Ne5 37. Rxf7+ Kxf7 38. Bd4 Nf3+ 39. Kg2 Ne1+
40. Kf1 Nf3 41. Bxf6 Kxf6 42. Rd6+ Kg7 43. h3 Ne5 44. Ke2 Kh7 45. f4 gxf4 46.
exf4 Nc4 47. Rd7+ Kg6 48. Rc7 Nb2 49. Rd7 Nc4 50. Kd3 Nb2+ 51. Ke4 Na4 52. Rc7
Nb2 53. f5+ Kf6 54. Rc6+ Kf7 55. Rxh6 Nc4 56. Rh7+ Kf6 57. g4 Nd2+ 58. Ke3 Nc4+
59. Kd4 Nd6 60. Rh6+ Ke7 61. Rxd6 Kxd6 62. g5 Ke7 63. Ke5 Kf7 64. g6+ Kg7 65.
Ke6 Kf8 66. f6 Kg8 67. f7+ Kf8 68. g7+ Kxg7 69. Ke7 Kh7 70. f8=Q Kg6 71. Qf6+ {AtliCeline a abandonné} 1-0

[Event "Tournament 14472 - Europe Echecs"]
[Site "Europe Echecs"]
[Date "2020.07.10"]
[Round "9"]
[Time "18:21:07"]
[PlyCount "60"]
[White "CaptonRafael"]
[Black "HasslerTim"]
[WhiteElo "1737"]
[BlackElo "1933"]
[Mode "WEB"]
[Result "1-0"]

1. e4 e6 2. d3 d5 3. Nd2 Nf6 4. Ngf3 c5 5. g3 Nc6 6. Bg2 b6 7. O-O Bb7 8. Re1
Qc7 9. c3 O-O-O 10. e5 Nd7 11. d4 h6 12. a3 g5 13. b4 cxd4 14. cxd4 g4 15. Nh4
Nxd4 16. Bb2 Nc6 17. Rc1 b5 18. Qxg4 Be7 19. Nhf3 Rdg8 20. Qf4 Rg7 21. h4 Rhh7
22. Nb3 h5 23. Na5 Rg4 24. Qe3 Kb8 25. Nd4 Ndxe5 26. Nxb5 Qd7 27. Bxe5+ Ka8 28.
Nxc6 Bxc6 29. Rxc6 d4 30. Rc8# {HasslerTim est échec et mat} 1-0

[Event "Tournament 14472 - Europe Echecs"]
[Site "Europe Echecs"]
[Date "2020.07.10"]
[Round "9"]
[Time "18:21:07"]
[PlyCount "76"]
[White "LecciaThomas"]
[Black "LaposteNicolas"]
[WhiteElo "1893"]
[BlackElo "1616"]
[Mode "WEB"]
[Result "1-0"]

1. e4 e5 2. Nf3 Nc6 3. d4 exd4 4. Bc4 Bb4+ 5. Bd2 Bxd2+ 6. Qxd2 d6 7. Nxd4 Qf6
8. Nxc6 bxc6 9. Nc3 Nh6 10. O-O Qg6 11. f4 f5 12. e5 d5 13. Bb3 Ng4 14. h3 h5
15. hxg4 hxg4 16. Kf2 Ba6 17. Ne2 Rh2 18. Rg1 Qh6 19. Ng3 g6 20. Rad1 Rb8 21. e6
Bc8 22. c4 a5 23. cxd5 Rb4 24. Ne2 Ba6 25. dxc6 Qh4+ 26. Kf1 Bxe2+ 27. Kxe2 Re4+
28. Kf1 Qe7 29. Qd7+ Qxd7 30. exd7+ Kd8 31. Re1 Rxf4+ 32. Ke2 Re4+ 33. Kd2 Rxe1
34. Rxe1 Rxg2+ 35. Kc3 Rg3+ 36. Kc4 Re3 37. Rxe3 g3 38. Re8# {LaposteNicolas est échec et mat} 1-0

[Event "Tournament 14472 - Europe Echecs"]
[Site "Europe Echecs"]
[Date "2020.07.10"]
[Round "9"]
[Time "18:21:07"]
[PlyCount "120"]
[White "ValleeLouis"]
[Black "ChardonHeremoa"]
[WhiteElo "1864"]
[BlackElo "1600"]
[Mode "WEB"]
[Result "1-0"]

1. d4 d5 2. c4 e6 3. Nc3 Nf6 4. cxd5 exd5 5. Bg5 Be7 6. e3 Bf5 7. Bxf6 Bxf6 8.
Qb3 Bc8 9. Qxd5 Qe7 10. Qb3 c6 11. Nf3 O-O 12. Bd3 Be6 13. Qc2 h6 14. O-O Nd7
15. Ne4 Rac8 16. Nxf6+ Nxf6 17. Rac1 Nd5 18. a3 f5 19. Ne5 Qf6 20. Rfd1 f4 21.
Bh7+ Kh8 22. Ng6+ Kxh7 23. Nxf8+ Kg8 24. Nxe6 Qxe6 25. exf4 Nxf4 26. Re1 Qg4 27.
Qe4 Rf8 28. Qf3 Qxf3 29. gxf3 Nd3 30. Rcd1 Nxe1 31. Rxe1 Rxf3 32. Re7 Rf7 33.
Re8+ Rf8 34. Re7 Rf7 35. Re8+ Rf8 36. Re4 Kf7 37. Kg2 Re8 38. Re5 Re6 39. Kf3
Kf6 40. Ke4 Rd6 41. Kd3 Rd5 42. f4 Rd6 43. Re8 c5 44. Rc8 Rxd4+ 45. Ke3 b6 46.
Rc7 Rc4 47. Rxa7 Rc2 48. b4 cxb4 49. axb4 Rb2 50. Ra4 b5 51. Ra6+ Kf5 52. Ra7
Rxb4 53. Rxg7 Rxf4 54. Rf7+ Kg5 55. Rxf4 h5 56. Rb4 h4 57. Rxb5+ Kg4 58. Rb4+
Kh3 59. Kf2 Kxh2 60. Rxh4# {ChardonHeremoa est échec et mat} 1-0

[Event "Tournament 14472 - Europe Echecs"]
[Site "Europe Echecs"]
[Date "2020.07.10"]
[Round "9"]
[Time "18:21:07"]
[PlyCount "110"]
[White "GrimaultLeane"]
[Black "courjalpauline"]
[WhiteElo "1622"]
[BlackElo "1848"]
[Mode "WEB"]
[Result "1-0"]

1. c4 e5 2. Nc3 Nf6 3. Nf3 Nc6 4. e4 a5 5. d4 exd4 6. Nxd4 Bb4 7. Nxc6 dxc6 8.
Qxd8+ Kxd8 9. Bd2 Re8 10. O-O-O Ke7 11. f3 Kf8 12. Ne2 Bc5 13. Ng3 Be6 14. Be2
Red8 15. Bf4 Bb6 16. Kc2 Ke7 17. Rd2 Nd7 18. Rhd1 f6 19. Nf5+ Kf7 20. c5 Bxc5
21. Bxc7 Bxf5 22. exf5 Ke7 23. Bxd8+ Rxd8 24. Bc4 Bb6 25. Be6 Ne5 26. f4 Ng4 27.
Rxd8 Ne3+ 28. Kb3 Bxd8 29. Rd7+ Ke8 30. Rxg7 Be7 31. g3 b5 32. a4 b4 33. Rxh7 c5
34. Rh8+ Bf8 35. Rh7 Be7 36. h4 Nf1 37. g4 Nd2+ 38. Kc2 Nf3 39. g5 fxg5 40. fxg5
Bf8 41. g6 Kd8 42. g7 Bxg7 43. Rxg7 Nxh4 44. f6 Nf3 45. Bc4 Nd4+ 46. Kd3 Ne6 47.
Bxe6 c4+ 48. Bxc4 b3 49. f7 Ke7 50. Rg8 Kd6 51. f8=Q+ Kc6 52. Qf5 Kd6 53. Rg6+
Ke7 54. Qf7+ Kd8 55. Rg8# {courjalpauline est échec et mat} 1-0

[Event "Tournament 14472 - Europe Echecs"]
[Site "Europe Echecs"]
[Date "2020.07.10"]
[Round "9"]
[Time "18:21:07"]
[PlyCount "64"]
[White "BrunPierre"]
[Black "RobichonPierre"]
[WhiteElo "1803"]
[BlackElo "1573"]
[Mode "WEB"]
[Result "1-0"]

1. d4 e5 2. dxe5 Nc6 3. Nf3 Qe7 4. e3 Nxe5 5. Nxe5 Qxe5 6. Nd2 d5 7. Nf3 Qh5 8.
Be2 Bg4 9. Bd2 O-O-O 10. Bc3 Nf6 11. Qd4 Ne4 12. Qxa7 Bc5 13. Qa8+ Kd7 14. Qxb7
Bxf3 15. Bxf3 Qg5 16. Rd1 Bd6 17. Rxd5 Qh4 18. Bxe4 Rb8 19. Rxd6+ Kxd6 20. Qc6+
Ke7 21. Qxc7+ Ke6 22. Qe5+ Kd7 23. Bf5+ Kc6 24. Be4+ Kd7 25. Qd5+ Ke7 26. Qc5+
Kd7 27. Bf5+ Ke8 28. Qc6+ Ke7 29. Qd7+ Kf8 30. Qd6+ Kg8 31. Qxb8+ Qd8 32. Qxd8# {RobichonPierre est échec et mat} 1-0

[Event "Tournament 14472 - Europe Echecs"]
[Site "Europe Echecs"]
[Date "2020.07.10"]
[Round "9"]
[Time "18:21:07"]
[PlyCount "100"]
[White "LordierSophia"]
[Black "FondratJohan"]
[WhiteElo "1776"]
[BlackElo "1509"]
[Mode "WEB"]
[Result "1-0"]

1. d4 d5 2. c4 c6 3. Nf3 Nf6 4. g3 g6 5. Bg2 Bg7 6. O-O O-O 7. Qc2 Bf5 8. Qb3
Qb6 9. Nc3 Ne4 10. c5 Qc7 11. Bf4 Qd7 12. Ne5 Qc8 13. Nxe4 Bxe4 14. f3 Bf5 15.
e4 dxe4 16. fxe4 Be6 17. Qc2 Nd7 18. Nf3 Nf6 19. Kh1 Rd8 20. Rad1 b6 21. b3 Qa6
22. Ne5 Rac8 23. Rd2 Nd7 24. Nxd7 Rxd7 25. Rfd1 Rcd8 26. cxb6 Qxb6 27. d5 cxd5
28. exd5 Bf5 29. Be4 Bxe4+ 30. Qxe4 Qb7 31. Qg2 e6 32. dxe6 Qxg2+ 33. Kxg2 Rxd2+
34. Rxd2 Rxd2+ 35. Bxd2 fxe6 36. Kf3 Kf7 37. Ke4 Ke7 38. b4 Kd6 39. Bf4+ Kc6 40.
Bb8 a6 41. h4 Kb5 42. Bd6 Ka4 43. g4 Ka3 44. b5+ Kxa2 45. bxa6 Kb3 46. a7 Kc4
47. a8=Q Bd4 48. Qc6+ Kb3 49. Kxd4 h6 50. Qc3+ {FondratJohan a abandonné} 1-0

[Event "Tournament 14472 - Europe Echecs"]
[Site "Europe Echecs"]
[Date "2020.07.10"]
[Round "9"]
[Time "18:21:07"]
[PlyCount "66"]
[White "FloresVictor"]
[Black "DelmasRaphael"]
[WhiteElo "1741"]
[BlackElo "1325"]
[Mode "WEB"]
[Result "1-0"]

1. e4 c5 2. Nc3 d6 3. g3 a6 4. Bg2 Nf6 5. f4 e6 6. Nf3 Nc6 7. O-O Be7 8. d3 Qc7
9. h3 O-O 10. g4 Ne8 11. f5 e5 12. Nd5 Qd8 13. a4 Nf6 14. Ne3 d5 15. g5 Ne8 16.
Nxd5 f6 17. g6 h6 18. c3 Qd6 19. Nh2 Bd8 20. Qh5 Nc7 21. Bxh6 gxh6 22. Qxh6 Qd7
23. Nb6 Qg7 24. Qh5 Rb8 25. Ng4 Re8 26. Bf3 Kf8 27. Bd1 Ke7 28. Bb3 Rh8 29. Nh6
Rxh6 30. Qf3 Qh8 31. Qe3 Rxh3 32. Qxc5+ Ke8 33. Bf7# {DelmasRaphael est échec et mat} 1-0

[Event "Tournament 14472 - Europe Echecs"]
[Site "Europe Echecs"]
[Date "2020.07.10"]
[Round "9"]
[Time "18:21:07"]
[PlyCount "128"]
[White "RobertYoann"]
[Black "ClemenconEllio"]
[WhiteElo "2071"]
[BlackElo "1324"]
[Mode "WEB"]
[Result "1-0"]

1. b3 d5 2. Bb2 Bf5 3. e3 Nf6 4. Nf3 e6 5. d3 c5 6. h3 Nc6 7. g4 Bg6 8. Bg2 Qc7
9. O-O h5 10. g5 Nd7 11. h4 f6 12. Bh3 e5 13. d4 e4 14. Nfd2 fxg5 15. hxg5 Be7
16. f4 exf3 17. Qxf3 Bxg5 18. Qxd5 Qg3+ 19. Qg2 Bxe3+ 20. Kh1 Qxg2+ 21. Bxg2
Bxd2 22. Nxd2 O-O-O 23. dxc5 Nxc5 24. Nc4 Bxc2 25. Rf7 Nd3 26. Bxg7 Rhe8 27. Na3
Re2 28. Bf1 Rd2 29. Bc3 Nf2+ 30. Kg1 Rg8+ 31. Rg7 Rxg7+ 32. Bxg7 Ng4 33. Bc3 Rf2
34. Be1 Rh2 35. Bg3 Rd2 36. Be1 Rh2 37. Bg2 Nd4 38. Nxc2 Nxc2 39. Rc1 Rxg2+ 40.
Kxg2 Nge3+ 41. Kh3 Kd7 42. Bd2 Kd6 43. Bxe3 Nxe3 44. Kh4 Nf5+ 45. Kxh5 Nd4 46.
Kg4 Nc6 47. Kf3 Kc7 48. Ke4 Kb6 49. a3 a5 50. Rh1 Kb5 51. Rh5+ Kb6 52. Rh7 Na7
53. a4 Nc6 54. Kd5 Nb4+ 55. Kc4 Nc6 56. Rh5 Nb4 57. Rb5+ Ka6 58. Kc5 Nc6 59.
Rb6+ Ka7 60. Rxc6 bxc6 61. Kxc6 Ka6 62. Kc5 Ka7 63. Kb5 Kb7 64. Kxa5 {ClemenconEllio a abandonné} 1-0

[Event "Tournament 14472 - Europe Echecs"]
[Site "Europe Echecs"]
[Date "2020.07.10"]
[Round "9"]
[Time "18:21:07"]
[PlyCount "57"]
[White "DosSantosLilia"]
[Black "EvrinSelvam"]
[WhiteElo "1527"]
[BlackElo "1882"]
[Mode "WEB"]
[Result "0-1"]

1. e4 c5 2. Nc3 a6 3. f4 b5 4. Nf3 Bb7 5. d3 e6 6. Bd2 b4 7. Ne2 d5 8. e5 h5 9.
d4 Nc6 10. c3 a5 11. a3 Qb6 12. g3 Nh6 13. Bg2 Nf5 14. Bc1 Ba6 15. dxc5 Bxc5 16.
Rf1 bxc3 17. bxc3 h4 18. g4 h3 19. Bxh3 Rxh3 20. gxf5 exf5 21. Qxd5 Rd8 22. Qa2
Qc7 23. Rb1 Ne7 24. Bd2 Qd7 25. Rd1 Qd3 26. Nfg1 Rxh2 27. Qb1 Rxe2+ 28. Nxe2
Qxe2# {DosSantosLilia est échec et mat} 0-1

[Event "Tournament 14472 - Europe Echecs"]
[Site "Europe Echecs"]
[Date "2020.07.10"]
[Round "9"]
[Time "18:21:07"]
[PlyCount "99"]
[White "RenaudinAxelle"]
[Black "LonckeMatthieu"]
[WhiteElo "1526"]
[BlackElo "1726"]
[Mode "WEB"]
[Result "0-1"]

1. Nf3 d5 2. c4 c6 3. b3 Nf6 4. Bb2 e6 5. e3 Nbd7 6. d4 Bd6 7. Bd3 Qe7 8. Nc3
O-O 9. O-O b6 10. Rc1 Bb7 11. Qc2 Rac8 12. Qb1 e5 13. dxe5 Nxe5 14. Nxe5 Bxe5
15. cxd5 cxd5 16. Rfd1 Rfd8 17. Bf5 Rb8 18. Ne2 Ne4 19. Bxe5 Qxe5 20. Bxe4 dxe4
21. Nd4 f5 22. Rc2 f4 23. exf4 Qxf4 24. Ne6 Rxd1+ 25. Qxd1 Qe5 26. Nd8 Bd5 27.
Nc6 Bxc6 28. Rxc6 Rf8 29. Qc1 Qa5 30. Qc4+ Kh8 31. Qxe4 Qxa2 32. Qe1 Qxb3 33. h3
a5 34. Rc3 Qb4 35. Qe3 a4 36. Rd3 b5 37. Rd4 Qb1+ 38. Kh2 h6 39. Rd2 Qf5 40. Qe2
a3 41. Ra2 b4 42. Qc4 Qf4+ 43. Qxf4 Rxf4 44. Kg3 Rc4 45. Kf3 Rc8 46. Ke3 Ra8 47.
Kd4 b3 48. Ra1 b2 49. Rb1 a2 {RenaudinAxelle a abandonné} 0-1

[Event "Tournament 14472 - Europe Echecs"]
[Site "Europe Echecs"]
[Date "2020.07.10"]
[Round "9"]
[Time "18:21:07"]
[PlyCount "131"]
[White "VerhilleGabin"]
[Black "GuignardJonath"]
[WhiteElo "1660"]
[BlackElo "1523"]
[Mode "WEB"]
[Result "1/2-1/2"]

1. e4 e5 2. Nf3 Nc6 3. d4 exd4 4. Nxd4 Nf6 5. Nxc6 bxc6 6. e5 Qe7 7. Qe2 Nd5 8.
c4 Nb6 9. b3 Qe6 10. f4 Bb4+ 11. Bd2 Bxd2+ 12. Nxd2 d5 13. exd6 cxd6 14. Qxe6+
Bxe6 15. Bd3 O-O 16. O-O-O d5 17. cxd5 Bxd5 18. Ne4 Rfe8 19. Rhe1 Rad8 20. g4
Kf8 21. Kc2 Bxe4 22. Rxe4 Rxe4 23. Bxe4 Nd5 24. Bxd5 Rxd5 25. Re1 Rd4 26. Rf1 f6
27. Kc3 Re4 28. Kd3 Re7 29. g5 Rd7+ 30. Kc4 Rd2 31. a4 Rxh2 32. Rc1 Rf2 33. Kc5
Rxf4 34. Kxc6 fxg5 35. a5 Rb4 36. Rc3 a6 37. Kd5 g6 38. Rc6 Rb5+ 39. Ke4 Rxa5
40. b4 Rb5 41. Rxa6 Rxb4+ 42. Kf3 Kg7 43. Ra5 Kh6 44. Kg3 Kh5 45. Ra7 h6 46. Ra6
Rb3+ 47. Kg2 g4 48. Ra5+ g5 49. Ra6 Rb2+ 50. Kg3 Rb3+ 51. Kg2 Rf3 52. Rb6 Rf8
53. Kg3 Rh8 54. Rb4 Ra8 55. Rb6 Ra4 56. Rc6 Ra3+ 57. Kg2 g3 58. Rc4 g4 59. Rc5+
Kh4 60. Rc6 h5 61. Rc5 Ra2+ 62. Kg1 g2 63. Rc1 g3 64. Rc4+ Kh3 65. Rh4+ Kxh4 {Nulle par pat} 1/2-1/2

[Event "Tournament 14472 - Europe Echecs"]
[Site "Europe Echecs"]
[Date "2020.07.10"]
[Round "9"]
[Time "18:21:07"]
[PlyCount "127"]
[White "CourcelleVicto"]
[Black "TuillierValent"]
[WhiteElo "1314"]
[BlackElo "1607"]
[Mode "WEB"]
[Result "0-1"]

1. c4 e5 2. Nc3 Nf6 3. Nf3 Nc6 4. e3 d6 5. Be2 Bg4 6. O-O Be7 7. h3 Bh5 8. Re1
O-O 9. d4 exd4 10. exd4 d5 11. Nxd5 Nxd5 12. cxd5 Qxd5 13. Be3 Bb4 14. Rf1 Rad8
15. Qd3 Qd6 16. Ng5 Bg6 17. Ne4 Qe7 18. Bf3 Kh8 19. d5 f5 20. Ng5 f4 21. Qb5
Qxg5 22. Bc1 Ne5 23. g3 fxg3 24. Bxg5 Nxf3+ 25. Kg2 Nxg5 26. Qxb4 gxf2 27. Rxf2
Be4+ 28. Kf1 Bd3+ 29. Ke1 Rde8+ 30. Kd2 Rxf2+ 31. Kxd3 Rf3+ 32. Kc2 Re2+ 33. Qd2
Rxd2+ 34. Kxd2 Rxh3 35. Re1 Kg8 36. Re7 Rh2+ 37. Kc3 Rh3+ 38. Kc4 Rh4+ 39. Kc5
b6+ 40. Kc6 Rc4+ 41. Kb7 Rc5 42. Rxc7 Rxd5 43. Kxa7 Ra5+ 44. Kxb6 Rxa2 45. b4
Rb2 46. b5 Ne6 47. Rc8+ Kf7 48. Ka6 Ra2+ 49. Kb7 h5 50. b6 h4 51. Ra8 Rxa8 52.
Kxa8 Nd8 53. Kb8 h3 54. Kc8 Ke7 55. b7 Nxb7 56. Kxb7 h2 57. Ka6 h1=Q 58. Ka5 Qb7
59. Ka4 Kd6 60. Ka3 Kc5 61. Ka2 Kc4 62. Ka1 Kc3 63. Ka2 Qb2# {CourcelleVicto est échec et mat} 0-1

[Event "Tournament 14472 - Europe Echecs"]
[Site "Europe Echecs"]
[Date "2020.07.10"]
[Round "9"]
[Time "18:21:07"]
[PlyCount "93"]
[White "BietteAntonin"]
[Black "PiquardYarosla"]
[WhiteElo "1569"]
[BlackElo "1415"]
[Mode "WEB"]
[Result "0-1"]

1. e4 c6 2. d4 d5 3. exd5 cxd5 4. Nf3 Nf6 5. Bf4 Bg4 6. Nbd2 e6 7. h3 Bh5 8. Be2
Bb4 9. c3 Bd6 10. Bxd6 Qxd6 11. O-O h6 12. Ne5 Bxe2 13. Qxe2 Nbd7 14. Ndf3 g5
15. Nxd7 Kxd7 16. Ne5+ Ke7 17. Qb5 Rab8 18. Rfe1 a6 19. Qd3 h5 20. c4 g4 21. c5
Qc7 22. Rac1 gxh3 23. Qxh3 Ng4 24. Qf3 Nxe5 25. dxe5 Rh6 26. b4 h4 27. Qg4 Rbh8
28. Rc3 Rg6 29. Qh3 Kf8 30. Rf3 Rhg8 31. Qxh4 Rxg2+ 32. Kh1 Qe7 33. Qf6 R2g6 34.
Qxe7+ Kxe7 35. Rh3 Rg2 36. Rf1 R2g5 37. Kh2 Rxe5 38. Re3 Rh5+ 39. Rh3 Rhg5 40.
Rg3 Rg4 41. Kh3 f5 42. Rfg1 Rh8+ 43. Kg2 Rxb4 44. Rg7+ Kf6 45. Rc7 Rg8+ 46. Kh2
Rh4# {BietteAntonin est échec et mat} 0-1

[Event "Tournament 14472 - Europe Echecs"]
[Site "Europe Echecs"]
[Date "2020.07.10"]
[Round "9"]
[Time "18:21:07"]
[PlyCount "99"]
[White "CheminadePauli"]
[Black "BriandAmaury"]
[WhiteElo "1306"]
[BlackElo "1929"]
[Mode "WEB"]
[Result "0-1"]

1. e4 e5 2. Nf3 Nc6 3. Bc4 Nf6 4. Nc3 Nxe4 5. Nxe4 d5 6. Bxd5 Qxd5 7. Nc3 Qd8 8.
h3 Be6 9. O-O f6 10. d3 Qd7 11. Be3 g5 12. Ne4 Be7 13. Bc5 O-O-O 14. Bxe7 Qxe7
15. Qd2 h5 16. c3 g4 17. Nh2 gxh3 18. Rad1 hxg2 19. Rfe1 f5 20. Ng3 h4 21. Ne2
Rdg8 22. d4 Nd8 23. dxe5 Nf7 24. Qf4 Ng5 25. Qe3 f4 26. Nxf4 Qf7 27. Nxe6 Qxe6
28. Nf3 Qh3 29. Nh2 Qxe3 30. Rxe3 h3 31. Rg3 Ne6 32. Rdd3 Nf4 33. Rde3 Rd8 34.
Re1 Rd2 35. Rge3 Rxb2 36. a3 Ra2 37. c4 Rc2 38. Re4 Nd3 39. Rd1 Nxf2 40. Red4
Nxd1 41. Rxd1 Re8 42. Nf3 Rxc4 43. Kh2 Rf4 44. Rd3 Rxf3 45. Rxf3 Rg8 46. Kg1 h2+
47. Kxh2 g1=Q+ 48. Kh3 Qg2+ 49. Kh4 Qg4# {CheminadePauli est échec et mat} 0-1

[Event "Tournament 14472 - Europe Echecs"]
[Site "Europe Echecs"]
[Date "2020.07.10"]
[Round "9"]
[Time "18:21:07"]
[PlyCount "83"]
[White "SemenovMaxime"]
[Black "SansoneAdam"]
[WhiteElo "1367"]
[BlackElo "1776"]
[Mode "WEB"]
[Result "0-1"]

1. d4 d5 2. c4 c6 3. Nf3 Bf5 4. Nc3 Nf6 5. cxd5 Nxd5 6. Nxd5 cxd5 7. Qb3 b6 8.
e3 a6 9. Ne5 f6 10. Nd3 e6 11. Be2 Bd6 12. O-O O-O 13. Bd2 Nd7 14. Rac1 Rc8 15.
Rxc8 Qxc8 16. Rc1 Qb8 17. Bb4 Bxh2+ 18. Kh1 Bd6 19. Rc6 Bxb4 20. Qxb4 Rc8 21.
Qc3 Rxc6 22. Qxc6 Nf8 23. Nf4 b5 24. Kg1 a5 25. Qxb5 Qxb5 26. Bxb5 Kf7 27. Kf1
g5 28. Nd3 h5 29. Nc5 Bc2 30. a4 e5 31. Nb7 exd4 32. exd4 Ne6 33. Nxa5 Nxd4 34.
Nc6 Nxb5 35. axb5 Bd3+ 36. Ke1 Bxb5 37. Nd4 Bd7 38. Kd2 Ke7 39. g3 Kd6 40. Kc3
f5 41. b4 f4 {SemenovMaxime a perdu au temps} 0-1